LEADER 04696nam 2200733 a 450 001 9910969770303321 005 20251116140858.0 010 $a9786612081835 010 $a9780309173018 010 $a0309173019 010 $a9781282081833 010 $a1282081837 010 $a9780309523233 010 $a0309523230 010 $a9780585279176 010 $a0585279179 035 $a(CKB)110986584752394 035 $a(EBL)3375684 035 $a(SSID)ssj0000210908 035 $a(PQKBManifestationID)11174412 035 $a(PQKBTitleCode)TC0000210908 035 $a(PQKBWorkID)10291958 035 $a(PQKB)10721163 035 $a(MiAaPQ)EBC3375684 035 $a(Au-PeEL)EBL3375684 035 $a(CaPaEBR)ebr10041104 035 $a(CaONFJC)MIL208183 035 $a(OCoLC)923258070 035 $a(Perlego)4736179 035 $a(BIP)48518533 035 $a(EXLCZ)99110986584752394 100 $a19990623d1999 uy 0 101 0 $aeng 135 $aur|n|---||||| 181 $ctxt 182 $cc 183 $acr 200 00$aNew vistas in transatlantic science and technology cooperation $ebased on a conference held June 8-9, 1998, in Washington, D.C. /$fCharles W. Wessner, editor ; Board on Science, Technology, and Economic Policy, National Research Council 205 $a1st ed. 210 $aWashington, D.C. $cNational Academy Press$dc1999 215 $a1 online resource (178 p.) 225 1 $aCompass series 300 $a"This work relates to Department of Navy grant N00014-98-1-0762 issued by the Office of Naval Research"--T.p. verso. 311 08$a9780309061971 311 08$a0309061970 320 $aIncludes bibliographical references (p. 98-101). 327 $a""Front Matter""; ""Contents""; ""Preface""; ""Introduction""; ""Opening Remarks Stuart Eizenstat""; ""Trends in Science and Technology Policy The U.S. Perspective: The Here and Now Versus the Ideal""; ""Trends in Science and Technology Policy The EU Perspective on Transatlantic Cooperation""; ""International R&D Cooperation The U.S. Approach to the U.S.-EU S&T Agreement""; ""International R&D Cooperation The European Union Vista in Transatlantic Science and Technology Cooperation""; ""International R&D Cooperation Complementarity of Bilateral and EC Cooperation with the U.S."" 327 $a""Presentation of Discussions in Breakout Sessions""""Opening Remarks John Cadogan""; ""Keynote Address""; ""Second Daya???s Welcome""; ""Best Practices in Small-Business Technology Development Programs""; ""R&D in the Framework of the New Transatlantic Agenda""; ""Internationalization of the Technical Workforce and Transatlantic Cooperation in R&D""; ""Concluding Remarks""; ""Selected Bibliography""; ""Annex European Union Research Programs""; ""Multilingual Information Management""; ""Charge for Electronic Commerce Subgroup""; ""White Papers on Transportation Research"" 330 $aThe successful conclusion of the US-EU Agreement on Science and Technology Cooperation offers the prospect of a new chapter in transatlantic cooperation. As with any international agreement in science and technology, the accord's full potential will be realized only if it can encourage mutually beneficial cooperation. With this in mind, responsible officials of the European Union (EU) and the U.S. government contacted the National Research Council's Board on Science, Technology, and Economic Policy (STEP) to discuss how this negotiating success might be publicized and productively exploited. It was agreed that the STEP Board should organize a conference to celebrate the accord, inform the U.S. and European research communities of the agreement, and explore specific opportunities for enhanced cooperation. At the same time, the conference would provide the occasion to review existing and evolving areas of transatlantic cooperation in science and technology from the perception of the United States, the European Commission, and the member states of the European Union. 410 0$aCompass series (Washington, D.C.) 606 $aScience$xInternational cooperation$vCongresses 606 $aTechnology$xInternational cooperation$vCongresses 615 0$aScience$xInternational cooperation 615 0$aTechnology$xInternational cooperation 676 $a338.973/06 701 $aWessner$b Charles W$0857991 712 02$aNational Research Council (U.S.).$bBoard on Science, Technology, and Economic Policy. 801 0$bMiAaPQ 801 1$bMiAaPQ 801 2$bMiAaPQ 906 $aBOOK 912 $a9910969770303321 996 $aNew vistas in transatlantic science and technology cooperation$94359446 997 $aUNINA